The Bartender's Bible : (Record no. 606533)

MARC details
000 -LEADER
fixed length control field 00430nam a2200181 a 4500
008 - FIXED-LENGTH DATA ELEMENTS--GENERAL INFORMATION
fixed length control field 260101s1993##################000#0#eng##
020 ## - INTERNATIONAL STANDARD BOOK NUMBER
ISBN 0061092207
082 04 - DEWEY DECIMAL CLASSIFICATION NUMBER
Classification number 641.874
Item number REG
100 1# - MAIN ENTRY--AUTHOR NAME
Personal name Regan, Gary,
245 10 - TITLE STATEMENT
Title The Bartender's Bible :
260 ## - PUBLICATION, DISTRIBUTION, ETC. (IMPRINT)
Name of publisher HarperTorch,
Year of publication 1993.
650 #0 - SUBJECT ADDED ENTRY--TOPICAL TERM
Topical Term Cooking.
942 ## - ADDED ENTRY ELEMENTS (KOHA)
Koha item type English Books
Holdings
Withdrawn status Lost status Damaged status Not for loan Home library Current library Shelving location Date acquired Full call number Accession Number Price effective from Koha item type
        Anna Centenary Library Anna Centenary Library 6TH FLOOR, A WING 01.01.2026 641.874 REG 493515 01.01.2026 English Books

Find us on the map